000 00903cab a2200241 4500
001 WB3030-29
008 090401t1994 xxu||||| |||| 00| 0 eng d
035 _a(Sirsi) u23789
041 _aeng
245 _aFunding of action
260 _c1994
350 _a0
490 _aEstates Gazette Case Summaries
_v1994 EGCS 136 (30/7/94)
520 _a"Grovewood Holdings plc v James Capel & Co Ltd" ChD 19 July 1994. Application by defendant to stay proceedings brought about by liquidator of collapsed property company on allegations of misrepresentation and negligence was allowed on the grounds that the action was to be funded pursuant to a champertous arrangement.
650 _aCHAMPERTY
650 _aInsolvency
_96247
650 _aLIQUIDATION
650 _aMISPRESENTATION
650 _aNEGLIGENCE
690 _aPROPERTY LAW AND PRACTICE-CASE LAW
942 _n0
948 _c04/03/1997
999 _c15927
_d15927